Normal view MARC view
  • Supervisor Hasan Aftab Saeed

Entry Personal Name

Number of records used in: 2

001 - CONTROL NUMBER

  • control field: 70182

003 - CONTROL NUMBER IDENTIFIER

  • control field: NUST

005 - DATE AND TIME OF LATEST TRANSACTION

  • control field: 20210628204409.0

008 - FIXED-LENGTH DATA ELEMENTS

  • fixed length control field: 210628|| aca||aabn | a|a d

040 ## - CATALOGING SOURCE

  • Original cataloging agency: NUST
  • Transcribing agency: NUST

100 ## - HEADING--PERSONAL NAME

  • Personal name: Supervisor Hasan Aftab Saeed

670 ## - SOURCE DATA FOUND

  • Source citation: Work cat.: (NUST): Muhammad Ali Kiani 70181, TH-SOF-1669- AUTOMATIC SPOT WELDING FEATURE RECOGNITION FROM STEP DATA, 2019
© 2023 Central Library, National University of Sciences and Technology. All Rights Reserved.